000
00364nam a2200145Ia 4500
008
100122s9999 xx 000 0 und d
082
_b
54765
_a
920.72
100
_a
करंदीकर सुमा
245
_a
रास
260
_b
मौज प्रकाशन
_c
1998
300
_a
110
630
_a
रास
730
_a
रास
942
_c
BOOK
999
_c
431586
_d
431583